LIBRARY & INFORMATION CENTRE, KCAET, TAVANUR

ONLINE PUBLIC ACCESS CATALOGUE (OPAC)

Theory and problems of Fourier analysis with application to boundary value problems / (Record no. 9246)

MARC details
000 -LEADER
fixed length control field 00461cam a2200157ua 4500
041 ## - LANGUAGE CODE
Language code of text/sound track or separate title eng
082 ## - DEWEY DECIMAL CLASSIFICATION NUMBER
Classification number 515.2433
Item number SPI/TH
100 ## - MAIN ENTRY--AUTHOR NAME
Personal name Spiegel, Murray R .
245 ## - TITLE STATEMENT
Title Theory and problems of Fourier analysis with application to boundary value problems /
250 ## - EDITION STATEMENT
Edition statement 1 /
260 ## - PUBLICATION, DISTRIBUTION, ETC. (IMPRINT)
Place of publication New York :
Name of publisher McGraw Hill Book Company ,
Year of publication 1974.
300 ## - PHYSICAL DESCRIPTION
Number of Pages 191 ; .
942 ## - ADDED ENTRY ELEMENTS (KOHA)
Koha item type Books
Holdings
Withdrawn status Lost status Damaged status Home library Current library Date acquired Full call number Accession Number Koha item type
      KAUAET KAUAET 07/04/2012 515.2433 17008 Books
free website counter